[Event "Troya op 23rd"]
[Site "Canakkale"]
[Date "2015.08.08"]
[Round "1"]
[White "Uysal, Burak"]
[Black "Agaoglu, Aydin"]
[Result "1-0"]
[WhiteElo "2009"]
[BlackElo "1851"]
[PlyCount "76"]
[EventDate "2015.08.08"]
[EventType "swiss"]
[EventRounds "9"]
[EventCountry "TUR"]
[SourceTitle "CBM 167 Extra"]
[Source "ChessBase"]
[SourceDate "2015.09.14"]
[SourceVersion "1"]
[SourceVersionDate "2015.09.14"]
[SourceQuality "1"]

1. e4 g6 2. d4 Bg7 3. Nf3 d6 4. Bc4 h6 5. 0-0 Bg4 6. h3 Bxf3 7. Qxf3 e6 8. c3 Ne7 9. Re1 Nd7 10. Nd2 Rb8 11. Bb3 0-0 12. Nf1 b5 13. Ne3 Nb6 14. Ng4 Kh7 15. h4 Nc4 16. h5 Ng8 17. Qh3 g5 18. Qd3 e5 19. Bxc4 bxc4 20. Qxc4 Qd7 21. Ne3 Nf6 22. dxe5 dxe5 23. Nd5 Nxh5 24. Qxc7 Qg4 25. Qxa7 f5 26. Qe3 Nf4 27. Nxf4 gxf4 28. Qf3 Qh4 29. b3 Rf6 30. Ba3 Rg8 31. Be7 Qg5 32. exf5 Qxf5 33. Bxf6 Qxf6 34. Qe4+ Kh8 35. a4 Qg5 36. a5 Bf6 37. a6 Qh5 38. a7 f3 1-0

[Event "TUR-chT2"]
[Site "Konya"]
[Date "2015.07.28"]
[Round "6.10"]
[White "Agaoglu, Aydin"]
[Black "Tirak, Mert"]
[Result "0-1"]
[WhiteElo "1851"]
[BlackElo "1951"]
[PlyCount "60"]
[EventDate "2015.07.25"]
[EventType "team-swiss"]
[EventRounds "9"]
[EventCountry "TUR"]
[SourceTitle "CBM 167 Extra"]
[Source "ChessBase"]
[SourceDate "2015.09.14"]
[SourceVersion "1"]
[SourceVersionDate "2015.09.14"]
[SourceQuality "1"]
[WhiteTeam "Istanbul Dobruca"]
[BlackTeam "Adana Dahi"]
[WhiteTeamCountry "TUR"]
[BlackTeamCountry "TUR"]

1. d4 Nf6 2. Nf3 g6 3. e3 Bg7 4. Bd3 0-0 5. 0-0 d6 6. b4 Nbd7 7. Bb2 Re8 8. e4 e5 9. d5 Nh5 10. Nc3 f5 11. Nd2 f4 12. g4 Nhf6 13. f3 Kf7 14. Qe2 Rh8 15. Rf2 Ne8 16. Rg2 h5 17. h3 a5 18. b5 Bf6 19. Na4 Bh4 20. Nf1 Qg5 21. Bc3 Ndf6 22. Be1 Bd7 23. Bf2 Ng7 24. Qe1 Bxf2+ 25. Qxf2 hxg4 26. hxg4 Ke7 27. Nc3 b6 28. Nh2 Rh3 29. Be2 Rah8 30. a4 Bc8 0-1

[Event "Kemer Turkey Cup"]
[Site "Kemer"]
[Date "2014.02.02"]
[Round "3"]
[White "Mangal, Ali"]
[Black "Agaoglu, Aydin"]
[Result "0-1"]
[WhiteElo "1687"]
[BlackElo "1901"]
[PlyCount "86"]
[EventDate "2014.02.01"]
[EventType "swiss"]
[EventRounds "9"]
[EventCountry "TUR"]
[SourceTitle "CBM 158 Extra"]
[Source "ChessBase"]
[SourceDate "2014.02.28"]
[SourceVersion "1"]
[SourceVersionDate "2014.02.28"]
[SourceQuality "1"]

1. d4 Nf6 2. c4 c5 3. Nf3 g6 4. Bg5 Bg7 5. e3 Ne4 6. Bf4 Nc6 7. Qc2 d6 8. a3 Bf5 9. Bd3 Qa5+ 10. b4 cxb4 11. 0-0 b3 12. Qxb3 Nc5 13. dxc5 Bxd3 14. Qxd3 Bxa1 15. cxd6 0-0 16. Nbd2 Bb2 17. Qb3 Qb6 18. Qa2 Bg7 19. Rb1 Qa6 20. Ne4 b6 21. d7 Rad8 22. Rd1 Qa4 23. Qd2 Nb8 24. Bxb8 Rxb8 25. Qd3 Rfd8 26. h4 Rb7 27. Qe2 Rbxd7 28. Rf1 Qxa3 29. Nfg5 h6 30. Nh3 Qd3 31. Qf3 Qxc4 32. Qf4 b5 33. g4 a5 34. g5 h5 35. Qf3 a4 36. Nf4 a3 37. Ng3 a2 38. Ngxh5 gxh5 39. Qxh5 Qc2 40. e4 Rd1 41. g6 Rxf1+ 42. Kxf1 Qd1+ 43. Kg2 Qxh5 0-1

[Event "TUR-ch"]
[Site "Antalya"]
[Date "2013.02.09"]
[Round "11"]
[White "Agaoglu, Aydin"]
[Black "Taze, Bulent"]
[Result "0-1"]
[WhiteElo "1951"]
[BlackElo "1791"]
[PlyCount "60"]
[EventDate "2013.02.02"]
[EventType "swiss"]
[EventRounds "11"]
[EventCountry "TUR"]
[SourceTitle "CBM 152 Extra"]
[Source "ChessBase"]
[SourceDate "2013.02.25"]
[SourceVersion "1"]
[SourceVersionDate "2013.02.25"]
[SourceQuality "1"]

1. d4 d5 2. Nf3 Nf6 3. e3 e6 4. Bd3 c5 5. b3 Nc6 6. Bb2 Bd6 7. Ne5 Bxe5 8. dxe5 Nd7 9. Qg4 0-0 10. Qh3 h6 11. f4 Nb4 12. 0-0 Nxd3 13. cxd3 b5 14. Nd2 a5 15. Rac1 c4 16. g4 Nc5 17. Nf3 Nxd3 18. Rc2 Nxb2 19. Rxb2 d4 20. Nxd4 c3 21. Rc2 b4 22. Kf2 Ba6 23. Rd1 Qd5 24. Rg1 Bd3 25. Rcc1 a4 26. g5 axb3 27. gxh6 Rxa2+ 28. Ke1 g6 29. Qh4 Qd8 30. Qh5 Kh7 0-1

[Event "TUR-ch"]
[Site "Kemer"]
[Date "2012.02.04"]
[Round "9"]
[White "Bal, Enes Emre"]
[Black "Agaoglu, Aydin"]
[Result "1-0"]
[WhiteElo "1775"]
[BlackElo "1992"]
[PlyCount "81"]
[EventDate "2012.01.29"]
[EventType "swiss"]
[EventRounds "10"]
[EventCountry "TUR"]
[SourceTitle "CBM 146 Extra"]
[Source "ChessBase"]
[SourceDate "2012.02.29"]
[SourceVersion "1"]
[SourceVersionDate "2012.02.29"]
[SourceQuality "1"]

1. e4 g6 2. d4 Bg7 3. Nc3 c6 4. Be3 d5 5. exd5 cxd5 6. Nf3 Nf6 7. h3 0-0 8. Be2 a6 9. 0-0 b5 10. a3 Bb7 11. Ne5 Ne4 12. Nxe4 dxe4 13. f4 f6 14. Ng4 h5 15. Nh2 f5 16. g4 hxg4 17. hxg4 e6 18. Rf2 Nc6 19. c3 Ne7 20. a4 Nd5 21. Nf1 b4 22. Bc4 bxc3 23. bxc3 Qa5 24. gxf5 exf5 25. Bd2 Rfc8 26. Qb3 Rab8 27. Ne3 Kf8 28. Bxd5 Bc6 29. Qa3+ Ke8 30. Bxc6+ Rxc6 31. Qa2 Qd8 32. Qg8+ Bf8 33. Rh2 Rb7 34. Rh8 Rf7 35. Rh7 Rxh7 36. Qxh7 Qb6 37. Qg8 g5 38. Nc4 Qc7 39. Ne5 gxf4 40. Bxf4 Rxc3 41. Qg6+ 1-0

[Event "TUR-ch"]
[Site "Kemer"]
[Date "2012.01.31"]
[Round "5"]
[White "Ataseven, Eren"]
[Black "Agaoglu, Aydin"]
[Result "0-1"]
[WhiteElo "1726"]
[BlackElo "1992"]
[PlyCount "80"]
[EventDate "2012.01.29"]
[EventType "swiss"]
[EventRounds "10"]
[EventCountry "TUR"]
[SourceTitle "CBM 146 Extra"]
[Source "ChessBase"]
[SourceDate "2012.02.29"]
[SourceVersion "1"]
[SourceVersionDate "2012.02.29"]
[SourceQuality "1"]

1. d4 e6 2. c4 f5 3. Nc3 Nf6 4. Nf3 d5 5. Bf4 c6 6. c5 Be7 7. e3 0-0 8. Be2 Ne4 9. Qc2 Nd7 10. 0-0 g5 11. Be5 g4 12. Ne1 Nxe5 13. Nxe4 fxe4 14. dxe5 h5 15. b4 Bg5 16. a4 a6 17. b5 axb5 18. Qb2 Rxa4 19. Rxa4 bxa4 20. Nc2 Qa5 21. Qd4 Be7 22. h3 Bxc5 23. Qd1 Qc7 24. hxg4 h4 25. Qa1 b5 26. Qc3 Bb6 27. Rc1 Bd7 28. Na3 Qa7 29. Nc2 c5 30. f4 Ba5 31. Qa3 b4 32. Qb2 a3 33. Qa2 Rb8 34. Na1 c4 35. Kf2 Bb6 36. Qd2 c3 37. Qe1 Bxe3+ 38. Kf1 Rf8 39. Qxh4 Bxf4 40. Qh5 Bg3+ 0-1

[Event "Istanbul op-A 10th"]
[Site "Istanbul"]
[Date "2011.09.17"]
[Round "7"]
[White "Agaoglu, Aydin"]
[Black "Aboudi, Marwan"]
[Result "1/2-1/2"]
[WhiteElo "1936"]
[BlackElo "2192"]
[PlyCount "40"]
[EventDate "2011.09.12"]
[EventType "swiss"]
[EventRounds "9"]
[EventCountry "TUR"]
[SourceTitle "CBM 144 Extra"]
[Source "ChessBase"]
[SourceDate "2011.10.28"]
[SourceVersion "1"]
[SourceVersionDate "2011.10.28"]
[SourceQuality "1"]

1. c4 Nf6 2. Nf3 e6 3. g3 d5 4. Bg2 dxc4 5. Qa4+ Nbd7 6. Qxc4 c5 7. 0-0 a6 8. a4 b5 9. Qc2 Bb7 10. axb5 axb5 11. Rxa8 Qxa8 12. Na3 Bc6 13. d3 Nd5 14. Bd2 Be7 15. e4 N5b6 16. Rc1 0-0 17. Nd4 cxd4 18. Qxc6 Bxa3 19. bxa3 Qxa3 20. Qxb5 Rb8 1/2-1/2

[Event "Istanbul op-A 10th"]
[Site "Istanbul"]
[Date "2011.09.17"]
[Round "8"]
[White "Alzaim, Talal"]
[Black "Agaoglu, Aydin"]
[Result "1-0"]
[WhiteElo "2232"]
[BlackElo "1936"]
[PlyCount "82"]
[EventDate "2011.09.12"]
[EventType "swiss"]
[EventRounds "9"]
[EventCountry "TUR"]
[SourceTitle "CBM 144 Extra"]
[Source "ChessBase"]
[SourceDate "2011.10.28"]
[SourceVersion "1"]
[SourceVersionDate "2011.10.28"]
[SourceQuality "1"]

1. d4 c5 2. e3 Nf6 3. Nf3 g6 4. c3 cxd4 5. exd4 d5 6. Bd3 Bg7 7. 0-0 0-0 8. Bf4 Bg4 9. Nbd2 Nc6 10. h3 Bxf3 11. Qxf3 Rc8 12. Rfe1 Re8 13. Nb3 Nh5 14. Bg5 Qc7 15. Qxd5 Nf4 16. Bxf4 Qxf4 17. Bb5 e6 18. Qe4 Qd6 19. Nc5 Re7 20. Bxc6 bxc6 21. Nd3 a5 22. Re2 Rb7 23. b3 h5 24. f4 Rb5 25. Rf1 Rd8 26. Kh1 Bf8 27. Ne5 Rd5 28. Rfe1 Kg7 29. Re3 h4 30. Qf3 Be7 31. Qg4 Rg8 32. Qf3 Bf6 33. Rf1 c5 34. dxc5 Qxc5 35. c4 Rd2 36. Re2 Rgd8 37. a4 Qa3 38. Rxd2 Rxd2 39. Qb7 Be7 40. Qb8 Qc5 41. Qe8 Rd8 1-0